| Registos Bibliográficos associados ao registo de autoridade |
|
Etiqueta de registo: 00254nam 2200025 450 001 2288506 003 http://id.bnportugal.gov.pt/bib/catbnp/2288506 100 ## $a20260622d2025 k y0pory01030103ba 101 0# $apor$deng 102 ## $aPT 105 ## $aa m 001yy 106 ## $ar 200 1# $aRegressados e deslocados de África, 50 anos depois$erevisitação do passado enquanto lugar de memória$fMaria de Lurdes Cruz Poço da Ressureição Cardoso$gorient. Paulo Jorge Marques Peixoto 210 #9 $aCoimbra$c[s.n.],$d2025 215 ## $aXI, 208 p.$cil.$d30 cm 328 #1 $aTese dout. Sociologia, Faculdade de Economia da Universidade de Coimbra, 2025 700 #1 $aCardoso,$bMaria de Lurdes Cruz Poço da Ressureição$32001285 702 #1 $aPeixoto,$bPaulo Jorge Marques$4727$3820405 801 #0 $aPT$bBN$gRPC 966 ## $lBN$mFGMON$x1 971 ## $cisantos$d20260622
|
|
|